Statistics for TOP 50 MARVEL VILLAINS

Click here to take the quiz!

General Stats

  • This quiz has been taken 106 times
  • The average score is 19 of 50

Answer Stats

#Answer% Correct
1Thanos
94%
10Loki
90%
25Magneto
78%
22Ultron
78%
13Doctor Octopus
72%
37Green Goblin
72%
18Venom
71%
3Red Skull
65%
23Sandman
65%
21Vulture
61%
2Abomination
59%
4Erik Killmonger
59%
35The Lizard
57%
24Mysterio
56%
16Electro
55%
12Dormammu
52%
39Kingpin
52%
33Whiplash
52%
17Carnage
48%
26Mystique
48%
32Obadiah Stane
48%
11Rhino
46%
48Yellowjacket
43%
34Juggernaut
35%
38Hobgoblin
34%
42Scorpion
34%
47Ghost
33%
7Proxima Midnight
32%
6Ebony Maw
30%
44MODOK
30%
28Toad
30%
5Corvus Glaive
28%
15Kraven the Hunter
28%
36Taskmaster
24%
27The Blob
24%
46Arnim Zola
22%
8Cull Obsidian
22%
49Chameleon
21%
50The Grandmaster
20%
30The Destroyer
13%
43Prowler
11%
41Tombstone
9%
19Nightmare
5%
31The Kree
4%
45AIM
2%
9Madame Hydra
1%
20The Badoon
1%
14Crimison Dynamo
0%
29Dark Elves
0%
40Doctor Olivia Octavius
0%

Score Distribution

Percentile by Number Answered

Percent of People with Each Score

Your Score History

You have not taken this quiz